Algunas reflexiones en torno a la educación (Record no. 62183)

MARC details
000 -CABECERA
campo de control de longitud fija 00518nam a2200193 a 4500
005 - FECHA Y HORA DE LA ÚLTIMA TRANSACCIÓN
campo de control 20210219152846.0
008 - ELEMENTOS DE LONGITUD FIJA--INFORMACIÓN GENERAL
campo de control de longitud fija 991125n 000 0 spa u
035 ## - NÚMERO DE CONTROL DEL SISTEMA
Número de control de sistema UPN01000063557
100 ## - ASIENTO PRINCIPAL--NOMBRE PERSONAL
Nombre de persona NAJERA RANGEL, Edilberto
222 ## - TÍTULO CLAVE
Título clave REVISTA UNIDAD CHONTALPA
245 ## - MENCIÓN DE TÍTULO
Título Algunas reflexiones en torno a la educación
300 ## - DESCRIPCIÓN FÍSICA
Extensión 34-35
362 ## - FECHAS DE PUBLICACIÓN Y/O DESIGNACIÓN SECUENCIAL
Fecha de publicación y/o designación secuencial 1992 Año 1, no. 2, oct.-dic.
653 0# - TERMINO DE INDIZACION - NO CONTROLADO
Término no controlado CULTURA
653 0# - TERMINO DE INDIZACION - NO CONTROLADO
Término no controlado HUMANISMO
653 0# - TERMINO DE INDIZACION - NO CONTROLADO
Término no controlado SOCIOLOGIA EDUCATIVA
904 ## - ELEMENTOS DE DATOS D LOCAL, LDD (RLIN)
a AC
b 001368
905 ## - TIPO DE MATERIAL
Tipo de material Articulo

No items available.